Langues les plus difficiles à apprendre. - Statistiques

Statistiques générales
  • Ce quiz a été pris 219 fois
  • Le résultat moyen est 4 sur 10
Statistiques - réponses
Réponse % Correct
Russe
78%
Arabe
77%
Japonais
77%
Coréen
52%
Polonais
27%
Thai
26%
Finnois
25%
Vietnamien
19%
Hongrois
16%
Chinois mandarin
7%
Aucun quiz correspondant
Distribution des résultats
% des personnes avec chaque résultat
Percentile par nombre de réponses
Votre historique - résultats
Vous n’avez pas pris ce quiz